Teoría de las artes en Italia, 1450-1600 / (Record no. 34654)

MARC details
000 -LEADER
campo de control de longitud fija 00762nam a2200217 i 4500
001 - NÚMERO DE CONTROL
campo de control 34654
003 - IDENTIFICADOR DE NÚMERO DE CONTROL
campo de control ES-MaACL
005 - FECHA Y HORA DE LA ÚLTIMA TRANSACCIÓN
campo de control 20250814043336.0
007 - CAMPO FIJO DE DESCRIPCIÓN FÍSICA--INFORMACIÓN GENERAL
campo de control de longitud fija t|
008 - DATOS DE LONGITUD FIJA--INFORMACIÓN GENERAL
campo de control de longitud fija 030207s1979 sp ||||1| spa d
100 1# - ENTRADA PRINCIPAL--NOMBRE DE PERSONA
Nombre de persona Blunt, Anthony.
9 (RLIN) 29603
245 10 - MENCIÓN DEL TÍTULO
Título Teoría de las artes en Italia, 1450-1600 /
Mención de responsabilidad, etc. Anthony Blunt ; prólogo de addenda bibliográfica Fernando Checa Cremades ; traducción: José Luis Checa Cremades.
260 ## - PUBLICACIÓN, DISTRIBUCIÓN, ETC.
Lugar de publicación, distribución, etc. Madrid :
Nombre del editor, distribuidor, etc. Cátedra,
Fecha de publicación, distribución, etc. [1979]
300 ## - DESCRIPCIÓN FÍSICA
Extensión 175 p. :
Otras características físicas il. ;
Dimensiones 21 cm.
490 1# - MENCIÓN DE SERIE
Mención de serie Ensayos arte
700 0# - ENTRADA AGREGADA--NOMBRE PERSONAL
Nombre de persona Checa Cremades, Fernando,
Fechas asociadas al nombre 1952-
9 (RLIN) 38301
700 1# - ENTRADA AGREGADA--NOMBRE PERSONAL
Nombre de persona Checa Cremades, José Luis,
Fechas asociadas al nombre 1953-
9 (RLIN) 38303
830 0# - PUNTO DE ACCESO ADICIONAL DE SERIE-TÍTULO UNIFORME
Título uniforme Ensayos arte
9 (RLIN) 178883
852 ## - LOCALIZACIÓN
Ubicación ES-MaACL
Número de control de estantería A-10373
Sublocalización o colección R.99533
Holdings
Estatus retirado Estado de pérdida Estado de daño No para préstamo Biblioteca de origen Biblioteca actual Ubicación en estantería Fecha de adquisición Fuente de adquisición Total de préstamos Signatura topográfica completa Código de barras Visto por última vez Precio de reemplazo Tipo de ítem Koha
        Biblioteca del Ateneo de Madrid Biblioteca del Ateneo de Madrid Depósito 1 17/01/2008     A-10373 1036149 23/02/2023 23/02/2023 Libro impreso